| 000 | 00487nam a2200181Ia 4500 | ||
|---|---|---|---|
| 008 | 220204s9999 xx 000 0 und d | ||
| 020 | _a9781583672310 | ||
| 082 |
_aNR:33(09) _bTUL |
||
| 100 | _aTully, John | ||
| 245 | 4 | _aThe Devils milk: A social history of rubber | |
| 260 |
_aNew York _bMonthly Review Press _c2011 |
||
| 650 | _aAmazon rubber | ||
| 650 | _aGutta percha | ||
| 650 | _aRubber history | ||
| 650 | _aRubber plantation | ||
| 650 | _aRubber revolution | ||
| 942 | _cBK | ||
| 999 |
_c43010 _d43010 |
||